| 000 | 00347nam a2200133Ia 4500 | ||
|---|---|---|---|
| 008 | 240624s9999 xx 000 0 und d | ||
| 041 | _aeng | ||
| 082 | _a658.4063 SWE | ||
| 100 | _aSWEENEY JOHN | ||
| 245 | _aINNOVATIVE MINDSET 5 BEHAVIORS FOR ACCEL | ||
| 260 |
_c2016 _aNew Jersey _bWiley |
||
| 300 | _axi, : 4195 : p. : cm. ; 23 | ||
| 365 |
_c _b30 |
||
| 999 |
_c26959 _d26959 |
||